000 00587nam a2200181Ia 4500
005 20250508163259.0
008 008 250505s9999 xx 000 0 eng d
037 _aTextual
040 _aFEDL
_beng
_cFEDL
041 _aeng
_2eng
084 _a371.97, IND
_qFEDL
245 0 _aEducational facilites to scheduled castes and scheduled tribes
245 0 _cMinistry of Education. Planning, Monitoring and Statistics Division
260 _aNew Delhi, India
_bGovernment of India
_c1985
300 _aiii,65p.
942 _cTEXL
_h371.97, IND
999 _c1381997
_d1381997